Normal view
MARC view
- Rizvi, Rida
Entry Personal Name
001 - CONTROL NUMBER
- control field: 13780
003 - CONTROL NUMBER IDENTIFIER
- control field: NUST
005 - DATE AND TIME OF LATEST TRANSACTION
- control field: 20190308093013.0
008 - FIXED-LENGTH DATA ELEMENTS
- fixed length control field: 190308|| aca||aabn | a|a d
040 ## - CATALOGING SOURCE
- Original cataloging agency: NUST
- Transcribing agency: NUST
100 ## - HEADING--PERSONAL NAME
- Personal name: Rizvi, Rida
670 ## - SOURCE DATA FOUND
- Source citation: Work cat.: (NUST): Rizvi, Rida, Analysing Public Opinion Of Pakistan On China-Pakistan Economic Corridor /, 2018.
